| 000 | nam a22 7a 4500 | ||
|---|---|---|---|
| 999 |
_c30403 _d30403 |
||
| 008 | 190520b xxu||||| |||| 00| 0 eng d | ||
| 020 | _a9290591161 | ||
| 040 | _amksu | ||
| 050 |
_aS 494 _b.A45T4 |
||
| 100 | _aTengnas,Bo. | ||
| 245 |
_aAgroforestry extension manual for Kenya / _cBo Tengnas. |
||
| 260 |
_aNairobi,kenya : _bInternational Centre for Research inAgroforestry, _c1994. |
||
| 300 |
_axii,177p. : _bill. ; _c30cm. |
||
| 504 | _ainclude bibliographic references. | ||
| 650 |
_aAgroforestry extension _vPlanning. |
||
| 650 | _aKenya. | ||
| 942 |
_2lcc _cBOOKS _hS 494 .A45T4 |
||